[Event "POR-chT 1st Divison 2018"]
[Site "Maia"]
[Date "2018.07.16"]
[Round "1"]
[White "Larino Nieto, David"]
[Black "Galego, Luis"]
[Result "1-0"]
[WhiteElo "2423"]
[BlackElo "2471"]
[Annotator "TA"]
[PlyCount "133"]
[EventDate "2018.07.16"]
[EventType "team-tourn"]
[EventCountry "POR"]
[SourceTitle "playchess.com"]
[Source "ChessBase"]
[SourceQuality "1"]

{[%evp 11,133,-14,-7,-28,-28,-45,-19,-27,-22,-32,71,71,63,70,72,72,76,44,65,67,65,77,60,51,116,107,129,129,124,125,130,125,139,141,136,127,136,128,131,126,167,153,168,171,194,188,187,191,187,179,195,185,197,135,137,130,137,138,143,123,133,139,145,141,131,131,133,135,148,140,144,138,129,101,105,87,91,90,98,87,101,90,144,143,208,209,194,162,254,260,337,333,416,396,420,437,665,937,890,932,889,933,807,64,64,0,910,881,629,577,2287,2085,2166,1370,2015,933,12837,7774,29972,29973,29970,29972,12845,12843]} 1. e3 e5 2. b3 Nf6 3. Bb2 Nc6 4. Bb5 Bd6 5. Ne2 O-O 6. Ng3 {A01: Larsen-Eröffnung} (6. Na3 e4 7. Nc4 Be7 8. Bxc6 bxc6 9. O-O a5 10. d3 d5 11. Nd2 a4 12. dxe4 Nxe4 13. Nxe4 dxe4 {½-½ (45) Jobava,B (2687)-Yu,Y (2744) Tbilisi 2017}) 6... a6 {LiveBook: 4 Partien} 7. Bd3 Bc5 $146 ({Vorgänger:} 7... Re8 8. Nc3 Bf8 9. e4 Bc5 10. Nh5 Nb4 11. O-O Nxd3 12. cxd3 c6 13. Kh1 {0-1 (66) Drozdowski,K (2496)-Belous,V (2577) Forth Worth 2017}) 8. f4 {Schwarz hat minimalen Vorteil.} d5 9. fxe5 Ng4 $1 {Und ...d4 würde nun gewinnen.} 10. Bf5 $1 {Droht Dxg4 und aus.} Qh4 (10... Ncxe5 $15 {bleibt weiter vorne.} 11. h3 Nxe3 $1 {[%mdl 512]} 12. dxe3 Qg5 13. Bxe5 Re8) 11. Qxg4 $1 $16 Qxg4 12. Bxg4 Bxg4 13. d4 Be7 14. Ba3 Bxa3 15. Nxa3 f6 16. exf6 Rxf6 17. Rf1 Rg6 (17... Rxf1+ $14 18. Kxf1 Re8) 18. Kd2 h5 19. Rae1 Ne7 20. Ne2 Bxe2 21. Rxe2 Rf8 22. Rxf8+ Kxf8 {[%mdl 4096] Endspiel KTS-KTS} 23. Rf2+ Ke8 24. c4 c6 25. Kd3 h4 26. Nb1 Ng8 27. Nd2 Nf6 28. Nf3 Ne4 29. Rc2 h3 30. gxh3 Rf6 31. cxd5 cxd5 32. Nd2 (32. Ke2 $18) 32... Nf2+ 33. Ke2 Nxh3 34. Nf3 Kd7 35. Rc5 Kd6 36. Rc8 Rg6 37. Kf1 Ng5 38. Ne5 Rf6+ 39. Kg2 Ne4 40. Rd8+ Ke6 41. Nd3 g5 42. Rb8 Rf7 43. b4 Nd6 44. Nc5+ Kf5 45. h3 Nc4 46. Re8 Kg6 (46... b6 $142) 47. a4 a5 (47... Rh7 $16 {ist wohl besser.} 48. a5 Rc7) 48. bxa5 $18 Nxa5 49. Re6+ Kh5 (49... Kf5 $142 50. e4+ dxe4) 50. Nd3 Nc6 51. Nf2 {Sg4 ist eine echte Drohung.} Ne7 52. Ng4 {[%csl Gg4][%cal Re6h6]} Nf5 53. Kh2 Kh4 (53... Rf8 $142 54. Rb6 Rh8 55. Rxb7 Rc8 56. Nf6+ Kg6) 54. e4 dxe4 55. Nh6 {Weiss droht Sxf5+ und Matt.} Ng7 56. Rxe4+ Rf4 {[#]} 57. Re7 $2 (57. Rxf4+ $1 $18 gxf4 58. Nf7) 57... Nh5 $14 58. Re4 $2 {[%mdl 8192]} (58. Kg2 $14) 58... Ng7 $18 {[#]} 59. Rxf4+ $1 gxf4 {KS-KS} 60. Nf7 Kh5 61. a5 {[%cal Ba4a5,Ba5a6][%mdl 32]} Kg6 62. Nd8 Nf5 63. d5 Kf6 64. Nxb7 Nd4 65. a6 Nb5 66. h4 Kf5 {[#]} 67. Nd6+ $1 {[%mdl 512] Precision: Weiß = 77%, Schwarz = 45%.} 1-0

[Event "POR-chT 1st Divison 2018"]
[Site "Maia"]
[Date "2018.07.16"]
[Round "1"]
[White "Pereira, Ruben Miguel Nunes"]
[Black "Fernandes, A."]
[Result "1-0"]
[WhiteElo "2420"]
[BlackElo "2403"]
[Annotator "TA"]
[PlyCount "123"]
[EventDate "2018.07.16"]
[EventType "team-tourn"]
[EventCountry "POR"]
[SourceTitle "playchess.com"]
[Source "ChessBase"]
[SourceQuality "1"]

{[%evp 26,123,8,0,8,8,8,8,8,8,9,10,22,7,14,10,18,15,25,12,10,10,53,57,57,54,58,45,94,97,99,69,75,70,69,69,69,69,79,76,124,113,134,137,130,98,124,83,86,70,70,62,104,89,112,112,112,112,112,100,233,62,101,109,94,92,73,85,95,94,404,388,472,472,681,645,946,700,29960,29966,29961,29961,29962,29965,29965,29965,29968,29969,29969,29969,29969,29969,29968,29965,29951,12528,29981,29982,29981,29982]} 1. Nf3 Nf6 2. c4 g6 3. g3 Bg7 4. Bg2 O-O 5. O-O d5 6. cxd5 Nxd5 7. Nc3 Nc6 8. d4 Nb6 9. e3 e5 10. d5 Na5 11. e4 c6 12. dxc6 Nxc6 13. b3 {D76: Fianchetto Grünfeld: Main Line with 7...Nb6} Bg4 14. h3 {LiveBook: 3 Games} Qxd1 15. Rxd1 {The position is equal.} Bxf3 16. Bxf3 Nd4 17. Kg2 Rac8 18. Bd2 $146 ({Predecessor:} 18. Bb2 h5 19. Rd3 Rc7 20. Rad1 Rfc8 {½-½ (35) Gagarin,V (2403)-Jurcik,M (2484) Brezova pod Bradlom 2010}) 18... Rfd8 19. Rac1 Rc6 20. Bg5 Rdc8 21. Ne2 Rxc1 22. Rxc1 (22. Bxc1 {is interesting.} Rc2 23. Nxd4 exd4 24. Bf4 Nd7 25. Rd2) 22... Rxc1 23. Bxc1 Nxe2 24. Bxe2 $11 {[%mdl 4096] Endgame KBB-KBN} Bf8 25. Be3 Ba3 26. h4 {[%cal Bh3h4,Bh4h5][%mdl 32]} f6 27. Bg4 Kf7 28. Kf3 Ke7 29. h5 Kd6 30. h6 Ke7 31. Ke2 Bd6 32. Kd3 Bb8 33. a4 {[%cal Ba2a4,Ba4a5][%mdl 32]} Kd6 34. a5 Nd7 35. Kc4 a6 36. Bh3 Bc7 37. Bd2 b5+ 38. axb6 $1 Nxb6+ 39. Kb4 Kc6 40. Be6 {[#] Black must now prevent Bg8.} a5+ 41. Kc3 {Strongly threatening Bg8.} Bd6 42. Kd3 Kb5 (42... Bf8 $16 {might work better.} 43. Bxa5 (43. Bg8 Kb5 $16) 43... Bxh6) 43. Bf7 $2 ({Resist} 43. Bg8 $6 Bf8) ({Better is} 43. f4 $18) 43... g5 44. Be8+ Ka6 45. f4 exf4 46. gxf4 gxf4 47. Ke2 a4 $2 {[%mdl 8192]} (47... Nc8 $16 {is a better chance.}) 48. bxa4 $18 Kb7 49. Kf3 Nc4 (49... Bf8 $142 50. Bc3 (50. Bxf4 Nc4 $18) 50... Nc4 51. Bxf6 Bxh6) 50. Bxf4 Ne5+ 51. Bxe5 Bxe5 {KB-KB} 52. Kg4 Kc7 53. Kf5 Bc3 {[#]} 54. Bg6 $1 {[%mdl 512]} Bd2 (54... hxg6+ 55. Kxg6) 55. Bxh7 Bxh6 56. Kxf6 Bd2 57. e5 Bc3 58. Ke6 Kc6 59. Bd3 Kc5 60. Bb5 (60. Bc2 $142 Kc6 61. Be4+ Kc5 62. Kf5 Bb2 63. e6 Kd6 64. a5 Ke7 65. Bd3) 60... Kb6 61. Kd6 Bb4+ 62. Kd7 {Precision: White = 73%, Black = 41%.} 1-0

[Event "POR-chT 1st Divison 2018"]
[Site "Maia"]
[Date "2018.07.16"]
[Round "1"]
[White "Zelbel, Patrick"]
[Black "Silva, Luis"]
[Result "0-1"]
[WhiteElo "2418"]
[BlackElo "2360"]
[Annotator "TA"]
[PlyCount "240"]
[EventDate "2018.07.16"]
[EventType "team-tourn"]
[EventCountry "POR"]
[SourceTitle "playchess.com"]
[Source "ChessBase"]
[SourceQuality "1"]

{[%evp 14,240,-41,-53,-28,-50,23,-92,-20,-79,-24,-21,-15,-60,-29,-74,-80,-109,-102,-129,-90,-177,-100,-108,-75,-60,0,-59,-55,-154,-147,-154,-141,-273,0,0,0,-82,-84,-109,0,-543,-570,-566,-545,-549,-554,-502,-462,-1205,-1197,-7055,-7055,-6636,-6690,-2724,-1729,-29979,-29980,-29984,-6423,-5933,-5926,-29982,-5185,-1125,-817,-664,-658,-654,-654,-610,-508,-1361,-1324,-984,-881,-799,-593,-566,-574,-592,-577,-595,-587,-560,-457,-445,-453,-455,-417,-408,-253,-269,-217,-260,-8,-8,-8,-8,-8,-8,0,-253,-262,-266,-257,-265,0,0,0,-264,-258,-258,-243,-236,0,-253,-258,-354,-243,-301,-290,-341,-313,-339,-337,-536,-538,-531,-348,-537,-520,-504,-479,-427,-300,-412,-360,-6452,-6436,-5758,-5202,-1265,0,-5469,-1258,-1010,-1031,-1073,-1030,-1020,-1077,-951,-863,-812,-812,-795,-763,-4137,-3769,-2265,-3300,-4137,-2448,-4137,-4137,-4137,-4137,-4137,-4137,-2697,-4022,-1947,-1502,-1400,-1303,-961,-834,-4137,-4137,-4137,-4137,-4133,-2379,-2016,-1692,-1344,0,-1337,-1300,-1135,-941,-883,-710,-615,-598,-747,-796,-1699,-1036,-1745,-1247,-29974,-29975,-29976,-29977,-29977,-29978,-29978,-29978,-29979,-29980,-29980,-29979,-29981,-29980,-29982,-4149,-29983,-29984,-29984,-29985,-29985,-29986,-29986,-29987,-29987,-29988]} 1. e4 e5 2. f4 exf4 3. Nf3 Nf6 4. Nc3 d5 5. exd5 Nxd5 6. Nxd5 Qxd5 7. d4 Be7 8. Bd3 g5 {Threatens to win with ...g4. C36: King's Gambit Accepted: 3 Nf3 d5} 9. O-O Nc6 (9... Qd6 $15) 10. c3 (10. c4 $11 Qd6 11. d5) (10. c4 Qd6 11. d5 Ne5 12. Nxe5 Qxe5 13. Re1 Qf6 {½-½ (33) Dietrich,U (2434)-Leisebein,P (2453) Remote email 2013}) 10... Bg4 (10... Be6 $17) 11. Re1 $146 (11. Qb3 $11 Qxb3 12. axb3) ({Predecessor:} 11. Qc2 h6 12. Be4 Qd7 13. d5 Bc5+ 14. Kh1 Ne7 15. Ne5 Qc8 16. c4 Bd4 17. Nxg4 Qxg4 18. Rd1 Bg7 19. d6 cxd6 20. Bxb7 Rb8 21. Rxd6 Rxb7 {0-1 (21) Ventimiglia,C (1886)-Berkley,S (1828) IECC email 2001}) 11... Kf8 (11... O-O-O $17) 12. Be4 $11 Qd6 13. Qb3 Rb8 14. Bd2 Kg7 15. Kh1 Bf6 16. Rg1 Rbe8 17. Qc2 (17. Rae1 $17) 17... Qd7 ({Black should try} 17... Bh5 $19 18. d5 Ne5) 18. Rae1 Re7 19. d5 Nb8 (19... Ne5 $15 20. c4 Ree8) 20. Qd3 (20. c4 $1 $11) 20... Rhe8 $15 21. Nd4 ({Better is} 21. Bxh7 $15 Rxe1 22. Rxe1) 21... Bxd4 $1 $17 22. Qxd4+ f6 23. c4 {[#]} (23. Bc2 $17) 23... Qa4 $2 (23... Nc6 $1 $19 {[%cal Rc6d4][%mdl 512]} 24. Qc3 (24. dxc6 Qxd4) 24... Rxe4 25. Rxe4 Rxe4 26. dxc6 Qxc6) 24. Bc3 Nd7 25. a3 (25. h3 $11 {keeps the balance.} Bh5 26. Bf5) 25... b5 26. b4 Qxa3 ({Black should play} 26... Qb3 $17 {Strongly threatening ...Rxe4!} 27. h3 Qxc4) 27. c5 $2 {[%mdl 8192] [#]} (27. h3 $1 $11 {and White has nothing to worry.} Bh5 28. d6 cxd6 29. Ra1 Rxe4 30. Rxa3 Rxd4 31. Bxd4) 27... Rxe4 $1 $19 28. Rxe4 (28. Qxe4 Rxe4) 28... Rxe4 29. Qxe4 Qxc3 30. Qe7+ Kg8 {Hoping for ...f3.} 31. c6 (31. Qe8+ $142 Nf8 32. Qe4) 31... f3 32. h3 fxg2+ 33. Rxg2 Qxh3+ 34. Kg1 Ne5 {( -> ...Qe3+)} 35. Qxf6 Qe3+ 36. Rf2 Nf3+ (36... Qg3+ $142 37. Kf1 Bh3+ 38. Ke1 Qc3+ 39. Kd1 Bg4+ 40. Re2 Qa1+ 41. Kc2 Qa2+ 42. Kc3 Qc4+ 43. Kb2 Nd3+ 44. Kb1 Qc1+ 45. Ka2 Nxb4+ 46. Kb3 Qc4+ 47. Ka3 Qd3+ 48. Kb2 Qxe2+ 49. Ka3 Qd3+ 50. Kb2 Qc2+ 51. Ka3 Qa4+ 52. Kb2 Qa2+ 53. Kc3 Qa3+ 54. Kd4 Qd3+ 55. Ke5 Qxd5#) 37. Kg2 Nh4+ 38. Kg1 Qg3+ (38... Bf5 $142 39. Qd8+ Kg7 40. Qxc7+ Kg6 41. Qb8 Kh5 42. Qc7 g4 43. Qf7+ Bg6 44. Qc7 g3 45. Qf4 gxf2+ 46. Qxf2 Qg5+ 47. Kh2 Qg4 48. c7 Nf3+ 49. Qxf3 Qxf3 50. c8=Q Qf2+ 51. Kh3 Bf5+ 52. Qxf5+ Qxf5+ 53. Kg3 Qxd5 54. Kf4 Kh4 55. Ke3 Kg3 56. Ke2 Qd4 57. Ke1 Kf3 58. Kf1 Qf2#) 39. Kf1 Qd3+ 40. Kg1 Nf3+ 41. Kg2 Qxd5 42. Kg3 {And now Re2 would win.} Bh5 43. Re2 (43. Qe7 $142 Qxc6 44. Re2) 43... Nd4 44. Rf2 Ne6 45. Rf5 Qxc6 46. Rxg5+ Bg6 $1 47. Re5 Qc3+ 48. Kh2 Qd2+ 49. Kg3 Qd3+ 50. Kh2 Qc2+ 51. Kg3 Qb3+ 52. Kh2 Nf8 53. Re7 {[%csl Ge7][%cal Rf6g7]} Qc2+ 54. Kg1 {[%csl Ge7][%cal Rf6g7]} Qd1+ $2 (54... Qb1+ $1 $19 55. Kh2 Qc2+ 56. Kg3 Qd3+ 57. Kf2 Qd2+ 58. Kg3 Qd6+ 59. Qxd6 cxd6 60. Rxa7 Ne6) 55. Kf2 $1 $11 {[%csl Ge7][%cal Rf6g7]} Qd2+ 56. Kg1 $1 {[%csl Ge7][%cal Rf6g7]} Qc1+ 57. Kf2 {[%csl Ge7][%cal Rf6g7]} Qc2+ $2 (57... Qh6 $11 58. Kg3 c6 $1 {[%mdl 512]}) 58. Kg1 $1 $19 {[%csl Ge7][%cal Rf6g7]} Qb1+ $1 59. Kh2 {[%csl Ge7][%cal Rf6g7]} Qa2+ $1 60. Kg1 {[%csl Ge7][%cal Rf6g7] [#]} Qb1+ $2 (60... Bf7 $1 $19 {White must now prevent ...Qb3.} 61. Rxc7 Qe6 62. Qxe6 Nxe6 63. Rxa7 Nf4) 61. Kh2 $11 {[%csl Ge7][%cal Rf6g7]} Qa2+ $2 {[%mdl 8192]} (61... Qc2+ $11 62. Kg3 Qd3+ 63. Kf2 Qd2+ 64. Kg3 Qd6+ 65. Qxd6 cxd6 66. Rxa7 Ne6) 62. Kg1 $1 $19 {[%csl Ge7][%cal Rf6g7] [#]} Bf7 $1 {aiming for ...Qb3.} 63. Rxc7 Qb1+ 64. Kf2 Qa2+ 65. Kg1 {intending Qg5+.} Qe6 66. Qd4 Qb6 ({Don't take} 66... Qg6+ 67. Kh2 $19) 67. Rc5 h6 68. Kf1 Bc4+ 69. Ke1 Qg6 70. Re5 (70. Kf2 $142) 70... Qb1+ 71. Kf2 Qc2+ 72. Ke1 (72. Kg3 {was necessary.}) 72... Qc1+ 73. Kf2 Qf1+ 74. Kg3 Qf6 ({Much less strong is} 74... Be6 75. Qe4 $19) 75. Qc5 Ne6 76. Qd6 $2 (76. Qc8+ Nf8 77. Qg4+ Ng6 78. Qc8+ Kg7 79. Qd7+ Bf7 80. Re4) 76... Qf4+ 77. Kg2 Qg4+ 78. Kh2 Qf4+ 79. Kg2 $1 Qf1+ 80. Kh2 Qf2+ 81. Kh1 Qh4+ 82. Kg1 Qd4+ 83. Qxd4 Nxd4 84. Rc5 Nc2 85. Rc7 a6 86. Rc8+ Kf7 87. Rc7+ Kg6 88. Rc6+ Kg5 89. Rxa6 Nxb4 90. Ra8 Nd3 91. Rc8 Be6 92. Rc6 Kf5 93. Rd6 Nf4 94. Rb6 Ne2+ 95. Kf2 Nc3 96. Kg3 h5 97. Kh4 Bf7 98. Rb7 Bg6 99. Rb6 Be8 100. Rb8 Bf7 101. Rb7 $1 Kf6 102. Rb6+ Ke7 103. Rb7+ Kf8 104. Rb8+ Be8 105. Rb7 Ne4 106. Rb6 Ke7 107. Rb7+ Ke6 108. Rxb5 Bxb5 109. Kxh5 Kf5 110. Kh6 Kf6 111. Kh7 Be2 112. Kg8 Nd6 {[%cal Be4d6,Bd6f7,Bf7e5,Be5d7][%mdl 32]} 113. Kh7 Nf7 114. Kg8 Bd3 115. Kf8 Bh7 116. Ke8 Ne5 {Black mates.} 117. Kd8 Ke6 118. Kc7 Nd7 119. Kb7 Bd3 120. Kc6 Bc4 {Precision: White = 25%, Black = 54%.} 0-1

[Event "POR-chT 1st Divison 2018"]
[Site "Maia"]
[Date "2018.07.16"]
[Round "1"]
[White "Padeiro, Jose Joao Tato"]
[Black "Vassallo Barroche, Mauricio"]
[Result "0-1"]
[WhiteElo "2284"]
[BlackElo "2386"]
[Annotator "ChessBase"]
[PlyCount "48"]
[EventDate "2018.07.16"]
[EventType "team-tourn"]
[EventCountry "POR"]
[SourceTitle "playchess.com"]
[Source "ChessBase"]
[SourceQuality "1"]
[TimeControl "5400+30"]

1. d4 {[%emt 0:00:00]} Nf6 {[%emt 0:01:34]} 2. c4 {[%emt 0:00:00]} g6 {[%emt 0:01:46]} 3. Nc3 {[%emt 0:00:53]} Bg7 {[%emt 0:00:32]} 4. e4 {[%emt 0:00:09]} d6 {[%emt 0:02:22]} 5. f3 {[%emt 0:00:15]} O-O {[%emt 0:00:38]} 6. Bg5 {[%emt 0:00:06]} c5 {[%emt 0:04:19]} 7. d5 {[%emt 0:00:16]} e6 {[%emt 0:00:06]} 8. Qd2 {[%emt 0:00:48]} exd5 {[%emt 0:00:07]} 9. cxd5 {[%emt 0:00:05]} a6 {[%emt 0:00:49]} 10. a4 {[%emt 0:00:05]} Re8 {[%emt 0:00:08]} 11. Nge2 {[%emt 0:06:24]} Nbd7 {[%emt 0:02:04]} 12. Ng3 {[%emt 0:01:32]} Qa5 {[%emt 0:00:11]} 13. Ra3 {[%emt 0:01:13]} h5 {[%emt 0:03:46]} 14. Be2 {[%emt 0:07:50]} Nh7 {[%emt 0:00:22]} 15. Be3 {[%emt 0:04:22]} h4 {[%emt 0:03:11]} 16. Nf1 {[%emt 0:00:36]} Ne5 {[%emt 0:00:07]} 17. Bf2 {[%emt 0:11:04]} Qd8 {[%emt 0:04:49]} 18. h3 {[%emt 0:05:09]} f5 {[%emt 0:08:46]} 19. Nh2 {[%emt 0:05:39]} g5 {[%emt 0:25:46]} 20. exf5 {[%emt 0:04:06]} Nc4 {[%emt 0:00:18]} 21. Qd3 {[%emt 0:09:41]} Nxa3 {[%emt 0:04:35]} 22. O-O {[%emt 0:00:11]} c4 {[%emt 0:03:09]} 23. Qd2 {[%emt 0:02:06]} Bxf5 {[%emt 0:00:29]} 24. Bd1 {[%emt 0:01:37]} Nb1 {[%emt 0:00:49]} 0-1

[Event "POR-chT 1st Divison 2018"]
[Site "Maia"]
[Date "2018.07.16"]
[Round "1"]
[White "Ribeiro, Fernando"]
[Black "Espineira Gonzalez, Diego Adrian"]
[Result "0-1"]
[WhiteElo "2165"]
[BlackElo "2327"]
[Annotator "NA"]
[PlyCount "64"]
[EventDate "2018.07.16"]
[EventType "team-tourn"]
[EventCountry "POR"]
[SourceTitle "playchess.com"]
[Source "ChessBase"]
[SourceQuality "1"]
[TimeControl "5400+30"]

1. e4 {[%emt 0:00:00]} e6 {[%emt 0:00:00]} 2. d3 {[%emt 0:01:42]} d5 {[%emt 0:00:00]} 3. Nd2 {[%emt 0:00:11]} Nf6 {[%emt 0:00:00]} 4. Ngf3 {[%emt 0:01:21]} Nc6 {[%emt 0:00:00]} 5. g3 {[%emt 0:00:41]} dxe4 {[%emt 0:00:58]} 6. dxe4 {[%emt 0:02:17]} Bc5 {[%emt 0:00:10]} 7. Bg2 {[%emt 0:22:25]} O-O {[%emt 0:00:23]} 8. O-O {[%emt 0:00:23]} e5 {[%emt 0:00:06]} 9. c3 {[%emt 0:00:52]} a5 {[%emt 0:00:15]} 10. a4 {[%emt 0:01:48]} b6 {[%emt 0:01:32]} 11. Qe2 {[%emt 0:16:36]} Ba6 {[%emt 0:00:46]} 12. Nc4 {[%emt 0:00:22]} Qe7 {[%emt 0:00:13]} 13. b3 {[%emt 0:04:25] C00: Französische Verteidigung (Seltene Züge)} (13. h3 Ne8 14. b3 Nd6 15. Nfd2 Qe6 16. Re1 f5 17. Ba3 f4 18. Bxc5 bxc5 19. Bf1 Kh8 20. g4 Nxc4 21. Nxc4 {½-½ (41) Pinter,G (2363)-Rendle,T (2400) England 2011}) 13... Qe6 {[%emt 0:06:28]} 14. Nfd2 {[%emt 0:06:00]} Rfd8 {[%emt 0:02:35]} 15. h3 {[%emt 0:08:08]} Rd7 {[%emt 0:01:09]} 16. Ra2 $146 {[%emt 0:13:21]} ({Vorgänger:} 16. Re1 Rad8 17. Bf1 Rd3 18. Qxd3 Rxd3 19. Bxd3 Qxh3 20. Nf1 h5 {0-1 (41) Muhren,W-Sutmuller,J Helmondsee 2000}) 16... Rad8 {[%emt 0:00:52]} 17. Rc2 {[%emt 0:00:15]} Ne8 {[%emt 0:21:05]} 18. Re1 {[%emt 0:01:16]} Nd6 {[%emt 0:00:50]} (18... Rd3 $17 19. Kh2 b5 20. axb5 Bxb5) 19. Bf1 {[%emt 0:00:25]} f5 {[%emt 0:05:15]} 20. Qh5 {[%emt 0:04:22]} g6 {[%emt 0:08:03]} 21. Qh4 {[%emt 0:00:30]} Nf7 {[%emt 0:03:16]} 22. Nf3 {[%emt 0:00:23]} Rd1 {[%emt 0:02:22]} 23. Rxd1 $19 {[%emt 0:05:27]} ({White should try} 23. Rd2 $15 R8xd2 24. Bxd2 Rxe1 25. Bxe1) 23... Rxd1 {[%emt 0:00:20]} 24. Kg2 {[%emt 0:00:01]} Qd7 {[%emt 0:09:39]} 25. Rd2 {[%emt 0:03:39]} Rxd2 {[%emt 0:00:14]} 26. Bxd2 {[%emt 0:00:04]} Be7 {[%emt 0:00:28]} 27. Ng5 {[%emt 0:00:20]} h6 {[%emt 0:01:13]} 28. exf5 {[%emt 0:00:52]} hxg5 {[%emt 0:01:00]} 29. Qe4 {[%emt 0:00:11]} gxf5 {[%emt 0:00:55]} 30. Qc2 {[%emt 0:00:02]} Bb7 {[%emt 0:02:09]} 31. f3 {[%emt 0:00:10]} e4 {[%emt 0:00:17]} 32. f4 {[%emt 0:00:23]} e3 {[%emt 0:00:08]} 0-1

[Event "POR-chT 1st Divison 2018"]
[Site "Maia"]
[Date "2018.07.16"]
[Round "1"]
[White "Galvao, Henrique"]
[Black "Lombaers, Peter"]
[Result "0-1"]
[WhiteElo "2161"]
[BlackElo "2361"]
[Annotator "NA"]
[PlyCount "66"]
[EventDate "2018.07.16"]
[EventType "team-tourn"]
[EventCountry "POR"]
[SourceTitle "playchess.com"]
[Source "ChessBase"]
[SourceQuality "1"]
[TimeControl "5400+30"]

1. e4 {[%emt 0:00:00]} c5 {[%emt 0:00:00]} 2. c3 {[%emt 0:00:18]} Nf6 {[%emt 0:00:00]} 3. e5 {[%emt 0:00:04]} Nd5 {[%emt 0:00:00]} 4. d4 {[%emt 0:00:32]} cxd4 {[%emt 0:00:00]} 5. Qxd4 {[%emt 0:00:06]} e6 {[%emt 0:01:16]} 6. Nf3 {[%emt 0:00:08]} Nc6 {[%emt 0:05:59]} 7. Qe4 {[%emt 0:00:06]} d6 {[%emt 0:03:21]} 8. c4 {[%emt 0:04:17]} Ndb4 {[%emt 0:04:27] B22: Sicilian: 2 c3} (8... Qa5+ 9. Bd2 Ndb4 10. Nc3 Nxe5 11. Be2 f5 12. Qb1 Qd8 13. O-O Nf7 14. Nd1 Nc6 15. Bc3 Nfe5 16. Ne3 {½-½ (54) Soltau,A (2618)-Van Oosterom,J (2725) ICCF corr 2003}) 9. exd6 {[%emt 0:01:50]} Bxd6 {[%emt 0:03:44]} 10. Nc3 {[%emt 0:01:22]} f5 {[%emt 0:07:58]} 11. Qb1 {[%emt 0:00:21]} O-O {[%emt 0:01:06]} 12. a3 {[%emt 0:01:25]} Na6 {[%emt 0:00:42]} 13. Be2 {[%emt 0:00:07]} e5 {[%emt 0:09:28]} 14. b4 $146 {[%emt 0:04:06]} ({Predecessor:} 14. Qa2 Be7 15. O-O Nc7 16. Rd1 {0-1 (47) Barrenechea Bahamonde,G (2221)-Astasio Lopez,D (2397) Elgoibar 2013}) 14... e4 {[%emt 0:03:33]} 15. Ng5 {[%emt 0:06:24]} Naxb4 {[%emt 0:05:12]} 16. c5 {[%emt 0:03:29]} Be5 {[%emt 0:06:13]} 17. Qb3+ {[%emt 0:02:32]} Kh8 {[%emt 0:00:09]} 18. axb4 {[%emt 0:00:08]} Nd4 {[%emt 0:04:34]} 19. Qa2 {[%emt 0:01:16]} Ne6 {[%emt 0:02:17]} 20. Bd2 {[%emt 0:27:27]} Nxg5 {[%emt 0:04:12]} 21. Rc1 {[%emt 0:08:57]} Be6 {[%emt 0:06:56]} 22. Qc2 {[%emt 0:02:54]} Qf6 {[%emt 0:01:11]} 23. h4 {[%emt 0:01:51]} Nf7 {[%emt 0:01:17]} 24. g3 {[%emt 0:05:13]} Rad8 {[%emt 0:04:51]} 25. Nd1 $2 {[%emt 0:06:28]} (25. Be3 {is a better chance.}) 25... f4 {[%emt 0:02:21]} 26. g4 $19 {[%emt 0:04:40]} e3 {[%emt 0:03:36]} 27. Bc3 {[%emt 0:01:10]} f3 {[%emt 0:01:33]} 28. Bd3 {[%emt 0:02:55]} Bxc3+ {[%emt 0:01:51]} 29. Qxc3 {[%emt 0:03:26]} Ne5 {[%emt 0:00:31]} 30. Be4 {[%emt 0:00:33]} e2 {[%emt 0:07:04]} 31. Ne3 {[%emt 0:00:15]} Qf4 {[%emt 0:00:59]} 32. Bc2 {[%emt 0:03:02]} Nxg4 {[%emt 0:01:54]} 33. Ba4 {[%emt 0:05:18]} Nxe3 {[%emt 0:01:10]} 0-1